[Event "VIE-ch U07 Girls"]
[Site "Ho Chi Minh City"]
[Date "2014.07.17"]
[Round "8"]
[White "Le, Gia Linh"]
[Black "Luu, Que Chi"]
[Result "0-1"]
[WhiteElo "1440"]
[BlackElo "1437"]
[PlyCount "92"]
[EventDate "2014.07.13"]
[EventType "swiss"]
[EventRounds "9"]
[EventCountry "VIE"]
[SourceTitle "EXT 2016"]
[Source "ChessBase"]
[SourceDate "2015.10.08"]
[SourceVersion "1"]
[SourceVersionDate "2015.10.08"]
[SourceQuality "1"]

1. e4 e5 2. Nf3 Nc6 3. Bc4 Bc5 4. Nc3 Nf6 5. d3 0-0 6. Be3 Bxe3 7. fxe3 d6 8. 0-0 Re8 9. d4 exd4 10. exd4 Nxe4 11. Nxe4 Rxe4 12. Qd3 d5 13. Rad1 Bf5 14. Nd2 dxc4 15. Qxc4 Rxd4 16. Qxf7+ Kxf7 17. Rxf5+ Kg8 18. Rf2 Qg5 19. Kf1 Rf8 20. Ke1 Rxf2 21. Kxf2 Ne5 22. Nf3 Rf4 23. Rd5 Ng4+ 24. Kg3 Qxd5 25. Kxf4 Nf6 26. c3 Qe4+ 27. Kg3 h5 28. h4 Qg4+ 29. Kf2 Qa4 30. Ke3 Kf7 31. a3 Ng4+ 32. Kd2 Qb3 33. Ng5+ Kg6 34. Kc1 Ne3 35. Kd2 Nc4+ 36. Kd3 Nxb2+ 37. Ke4 c5 38. Nf3 Qxc3 39. Ne5+ Kh7 40. Nf3 Qd3+ 41. Kf4 c4 42. Ng5+ Kg8 43. Nf3 c3 44. Ne5 Qd4+ 45. Kf5 c2 46. Ng6 c1Q 0-1

[Event "VIE-ch U07 Girls"]
[Site "Ho Chi Minh City"]
[Date "2014.07.17"]
[Round "7"]
[White "Nguyen, Linh Dan"]
[Black "Luu, Que Chi"]
[Result "1-0"]
[WhiteElo "1436"]
[BlackElo "1437"]
[PlyCount "65"]
[EventDate "2014.07.13"]
[EventType "swiss"]
[EventRounds "9"]
[EventCountry "VIE"]
[SourceTitle "EXT 2016"]
[Source "ChessBase"]
[SourceDate "2015.10.08"]
[SourceVersion "1"]
[SourceVersionDate "2015.10.08"]
[SourceQuality "1"]

1. e4 e5 2. Nf3 Nc6 3. d4 exd4 4. Nxd4 Nxd4 5. Qxd4 Nf6 6. Nc3 b6 7. e5 Bc5 8. Qh4 Qe7 9. Bf4 0-0 10. Be2 Bd4 11. exf6 Bxf6 12. Qg3 Re8 13. Be3 d6 14. 0-0 Rb8 15. Rab1 Bb7 16. Bf3 Bxf3 17. Qxf3 h6 18. Nd5 Qe6 19. Nxc7 Qxa2 20. Nxe8 Rxe8 21. c3 Qc4 22. h3 d5 23. Rfd1 Rd8 24. Qf4 Bg5 25. Qxc4 dxc4 26. Bxg5 Rxd1+ 27. Rxd1 hxg5 28. Rd4 b5 29. Rd6 Kh7 30. Ra6 Kh8 31. Rxa7 Kg8 32. Ra8+ Kh7 33. Rb8 1-0

[Event "VIE-ch U07 Girls"]
[Site "Ho Chi Minh City"]
[Date "2014.07.14"]
[Round "3"]
[White "Thai, Ngoc Tuong Minh"]
[Black "Luu, Que Chi"]
[Result "1-0"]
[WhiteElo "1432"]
[BlackElo "1437"]
[PlyCount "101"]
[EventDate "2014.07.13"]
[EventType "swiss"]
[EventRounds "9"]
[EventCountry "VIE"]
[SourceTitle "EXT 2016"]
[Source "ChessBase"]
[SourceDate "2015.10.08"]
[SourceVersion "1"]
[SourceVersionDate "2015.10.08"]
[SourceQuality "1"]

1. d4 d5 2. c4 dxc4 3. e3 Nf6 4. Bxc4 e6 5. Nf3 Be7 6. Nc3 0-0 7. 0-0 Re8 8. Bd2 Nc6 9. Qc2 h6 10. h3 Na5 11. Bb3 Nxb3 12. axb3 Bb4 13. Ra4 Bxc3 14. bxc3 Bd7 15. Ra2 Bc6 16. Ne5 Nh5 17. Nxc6 bxc6 18. e4 e5 19. Be3 Rb8 20. Rfa1 exd4 21. Bxd4 Qg5 22. Be3 Qg6 23. Rxa7 Rxe4 24. R7a2 Rbe8 25. Ra4 Nf6 26. Rxe4 Nxe4 27. f3 Ng3 28. Qxg6 fxg6 29. Kf2 Nf5 30. Bf4 Rb8 31. Ra3 Rb7 32. g4 Nh4 33. Bg3 g5 34. Bxh4 gxh4 35. Ke3 Kf7 36. Kd4 Ke6 37. Kc5 Rb6 38. b4 Ke5 39. Ra7 Kf4 40. Rxc7 Kxf3 41. Kxb6 Kg3 42. Kxc6 Kxh3 43. b5 Kg2 44. Ra7 h3 45. Ra1 h2 46. b6 g6 47. b7 h5 48. gxh5 gxh5 49. b8Q h1Q 50. Rxh1 Kxh1 51. Qh8 1-0